000
00483nam a2200133Ia 4500
008
100328s9999 xx 000 0 und d
082
_b
29476
100
_a
अदवंत म. ना.
245
_a
हरिभाऊ : विविा दर्शन
260
_b
स्कूल व कॉलेज बुक स्टॉल
630
_a
हरिभाऊ : विविा दर्शन
730
_a
हरिभाऊ : विविा दर्शन
942
_c
BOOK
999
_c
520507
_d
520504